Mangoes or bananas? : the quest for an authentic Asian Christian theology /
Na minha lista:
| Autor principal: | |
|---|---|
| Formato: | Livro |
| Idioma: | inglês |
| Publicado em: |
U.K. :
Peternoster,
1997.
|
| Assuntos: | |
| Tags: |
Sem tags, seja o primeiro a adicionar uma tag!
|
MARC
| LEADER | 00000nam a22000007a 4500 | ||
|---|---|---|---|
| 003 | KE-NaDUL | ||
| 005 | 20230419121008.0 | ||
| 008 | 230419b |||||||| |||| 00| 0 eng d | ||
| 020 | |a 9781870345255 | ||
| 040 | |a DUL |c DUL |d Dwaswala | ||
| 050 | 0 | 0 | |a BT30.Y86 1997 |
| 100 | 1 | |a Yung, Hwa |9 125477 | |
| 245 | 1 | 0 | |a Mangoes or bananas? : |b the quest for an authentic Asian Christian theology / |c by Hwa Yung. |
| 260 | |a U.K. : |b Peternoster, |c 1997. | ||
| 300 | |a x, 273 p. | ||
| 650 | 0 | |a Theology, Doctrinal |z Asia |x History. |9 125478 | |
| 650 | 0 | |a Missions |x Theory. |9 125479 | |
| 942 | |2 lcc |c REF |h BT30 |i .Y86 |m 1997 |6 BT0030 Y86 | ||
| 952 | |0 0 |1 0 |2 lcc |4 0 |6 BT0030 Y86 01997 |7 1 |8 REF |9 135963 |a CUI |b CUI |c CUI |d 2023-04-19 |l 0 |o BT30.Y86 1997 |p CUI04977 |r 2023-04-19 00:00:00 |w 2023-04-19 |x 04977 |y REF | ||
| 952 | |0 0 |1 0 |2 lcc |4 0 |6 BT0030 Y86 01997 |7 1 |8 REF |9 139479 |a CUI |b CUI |c CUI |d 2023-06-29 |l 0 |o BT30.Y86 1997 |p CUI08343 |r 2023-06-29 00:00:00 |w 2023-06-29 |x 08343 |y REF | ||
| 999 | |c 220366 |d 220365 | ||